[Event "Egypt Open 2016"]
[Site "Eastern Company Club"]
[Date "2016.04.24"]
[Round "4"]
[Board "43"]
[White "Hamam, Mahmoud"]
[Black "Ellethy, Nabil"]
[Result "1-0"]
[WhiteElo "2090"]
[BlackElo "1912"]
[PlyCount "62"]
[EventDate "2016.04.22"]
[EventRounds "9"]
[EventCountry "EGY"]

1. e4 e6 2. d4 d5 3. Nd2 Nf6 4. e5 Nfd7 5. Bd3 c5 6. c3 Nc6 7. Ne2 Qb6 8. Nf3
cxd4 9. cxd4 Bb4+ 10. Kf1 h6 11. Be3 Be7 12. Ng3 g6 13. Qb1 Nf8 14. a3 Bd7 15.
b4 Rc8 16. h4 h5 17. Rh3 a6 18. Ne2 Na7 19. Ng5 Bxg5 20. Bxg5 Nh7 21. Rf3 Nxg5
22. hxg5 Bb5 23. Bxg6 Qxd4 24. Rxf7 Kd8 25. Ra2 Qh4 26. Kg1 Bxe2 27. Rxe2 Qxg5
28. f4 Qg4 29. Rd2 Nb5 30. f5 Qf4 31. fxe6 Rc7 1-0

[Event "Egypt Open 2016"]
[Site "Eastern Company Club"]
[Date "2016.04.24"]
[Round "4"]
[Board "44"]
[White "Ibrahim, Emad Eldin"]
[Black "Kamel, Nabil"]
[Result "0-1"]
[WhiteElo "1922"]
[BlackElo "2085"]
[PlyCount "102"]
[EventDate "2016.04.22"]
[EventRounds "9"]
[EventCountry "EGY"]

1. e4 b6 2. d4 Bb7 3. Bd3 Nf6 4. Qe2 e6 5. Nf3 a6 6. O-O c5 7. c3 d5 8. e5 Nfd7
9. a4 Nc6 10. Na3 h6 11. Nb1 Qc7 12. Bd2 g6 13. h4 c4 14. Bc2 Be7 15. Be3 O-O-O
16. Qd2 g5 17. h5 f5 18. g3 Rdg8 19. Qe2 f4 20. Bd2 g4 21. Nh2 f3 22. Qd1 Bg5
23. Bg6 Ncxe5 24. dxe5 Nxe5 25. Bc2 Qf7 26. Re1 Bf6 27. Rxe5 Bxe5 28. Bg6 Rxg6
29. hxg6 Qxg6 30. Qe1 Bc7 31. Bf4 e5 32. Be3 h5 33. Nd2 Re8 34. Qb1 Qf6 35. Qh7
Rh8 36. Bg5 Qf8 37. Qe7 Qxe7 38. Bxe7 Re8 39. Bg5 Bc6 40. Nhf1 Kb7 41. Ne3 b5
42. axb5 axb5 43. Nc2 Bb6 44. Ne3 d4 45. Nf5 Re6 46. Re1 d3 47. Bf4 Bc7 48. Ng7
Rg6 49. Bxe5 Bxe5 50. Rxe5 Rxg7 51. Rxh5 Re7 0-1

[Event "Egypt Open 2016"]
[Site "Eastern Company Club"]
[Date "2016.04.24"]
[Round "4"]
[Board "45"]
[White "Elazzawy, Walid"]
[Black "Aboutail, Mohamed"]
[Result "1/2-1/2"]
[WhiteElo "1918"]
[BlackElo "2078"]
[PlyCount "46"]
[EventDate "2016.04.22"]
[EventRounds "9"]
[EventCountry "EGY"]

1. d4 Nf6 2. c4 g6 3. Nc3 d5 4. Bf4 Bg7 5. e3 O-O 6. Nf3 c5 7. dxc5 Qa5 8. Rc1
dxc4 9. Bxc4 Qxc5 10. Bb3 Nc6 11. O-O Qh5 12. h3 e5 13. Bg3 Rd8 14. Qc2 Bxh3
15. Bxf7+ Kxf7 16. Qb3+ Be6 17. Qxb7+ Ne7 18. Nxe5+ Kf8 19. Qa6 Ng4 20. Qxe6
Nxe5 21. Nb5 Nf3+ 22. gxf3 Qxb5 23. Rc7 Qg5 1/2-1/2

[Event "Egypt Open 2016"]
[Site "Eastern Company Club"]
[Date "2016.04.24"]
[Round "4"]
[Board "47"]
[White "Abdel Meged, Mohamed"]
[Black "Zenaidi, Kais"]
[Result "1-0"]
[WhiteElo "2075"]
[BlackElo "1894"]
[PlyCount "53"]
[EventDate "2016.04.22"]
[EventRounds "9"]
[EventCountry "EGY"]

1. c4 Nf6 2. Nc3 g6 3. g3 Bg7 4. Bg2 O-O 5. e3 e5 6. Nge2 d6 7. O-O Nc6 8. d4
exd4 9. exd4 Re8 10. h3 Bd7 11. Be3 Qc8 12. Kh2 h5 13. Ng1 Bf5 14. Nf3 Ne4 15.
Nd5 Ne7 16. Nh4 Nxd5 17. cxd5 Bd7 18. Qc2 g5 19. Bxe4 gxh4 20. gxh4 Qd8 21. Rg1
Qxh4 22. Bf5 Bxf5 23. Qxf5 Kf8 24. Rxg7 Kxg7 25. Rg1+ Kh8 26. Bg5 Qe4 27. Bf6#
 1-0

[Event "Egypt Open 2016"]
[Site "Eastern Company Club"]
[Date "2016.04.24"]
[Round "4"]
[Board "48"]
[White "El Shenawy, Ashraf"]
[Black "Tarek, Mohamed"]
[Result "1-0"]
[WhiteElo "2072"]
[BlackElo "1786"]
[PlyCount "46"]
[EventDate "2016.04.22"]
[EventRounds "9"]
[EventCountry "EGY"]

1. e4 d6 2. d4 e5 3. c3 f5 4. dxe5 fxe4 5. Bc4 Ne7 6. Bg5 Nbc6 7. exd6 cxd6 8.
Ne2 Ne5 9. Nf4 Qc7 10. Be2 Bf5 11. Na3 O-O-O 12. Nb5 Qb6 13. Bxe7 Nd3+ 14. Bxd3
exd3 15. Nd4 Bxe7 16. Nd5 Qxb2 17. Nxe7+ Kb8 18. O-O Be4 19. Qg4 d5 20. Ndc6+
Ka8 21. Rab1 Qxa2 22. Qxg7 Rb8 23. Rxb7 Qc4 1-0

[Event "Egypt Open 2016"]
[Site "Eastern Company Club"]
[Date "2016.04.24"]
[Round "4"]
[Board "49"]
[White "Imam, Ashraf"]
[Black "Hafez, Mohamed"]
[Result "1-0"]
[WhiteElo "2061"]
[BlackElo "1782"]
[PlyCount "45"]
[EventDate "2016.04.22"]
[EventRounds "9"]
[EventCountry "EGY"]

1. e4 d5 2. exd5 Qxd5 3. Nf3 Bg4 4. Be2 Nc6 5. Nc3 Qc5 6. b4 Nxb4 7. Rb1 O-O-O
8. a3 Bxf3 9. Bxf3 Qe5+ 10. Ne2 Nc6 11. O-O e6 12. d4 Qa5 13. Qd3 Nf6 14. Bd2
Qxa3 15. Qb5 Nd5 16. Qxb7+ Kd7 17. c4 Rb8 18. cxd5 Rxb7 19. dxc6+ Kc8 20. Rxb7
Qa2 21. Bf4 Bd6 22. Bxd6 cxd6 23. Nc3 1-0

[Event "Egypt Open 2016"]
[Site "Eastern Company Club"]
[Date "2016.04.24"]
[Round "4"]
[Board "50"]
[White "Eldisy, Mohamed"]
[Black "Anwar, Ashraf"]
[Result "0-1"]
[WhiteElo "1898"]
[BlackElo "2060"]
[PlyCount "71"]
[EventDate "2016.04.22"]
[EventRounds "9"]
[EventCountry "EGY"]

1. d4 Nf6 2. c4 e6 3. Nc3 Bb4 4. e3 b6 5. Nf3 Bb7 6. Bd3 Ne4 7. Bxe4 Bxe4 8.
O-O Bb7 9. d5 O-O 10. e4 Re8 11. Qc2 e5 12. a3 Bf8 13. Bg5 Qc8 14. b4 a5 15. b5
d6 16. Nd2 Qg4 17. Be3 g5 18. f3 Qh5 19. g4 Qg6 20. Rf2 Nd7 21. Nf1 Be7 22. Ng3
Nf8 23. Nf5 Bc8 24. Nxe7+ Rxe7 25. Qd2 f6 26. h4 gxh4 27. Rh2 h5 28. Rxh4 hxg4
29. fxg4 Rh7 30. Rxh7 Nxh7 31. Kf2 Bxg4 32. Rg1 Kf7 33. Ke1 Rg8 34. Nd1 Qxe4
35. Rg3 Qh1+ 36. Bg1 0-1

[Event "Egypt Open 2016"]
[Site "Eastern Company Club"]
[Date "2016.04.24"]
[Round "4"]
[Board "51"]
[White "Hussain, Abdel Naser"]
[Black "Fekri, Wael"]
[Result "1-0"]
[WhiteElo "1884"]
[BlackElo "2057"]
[PlyCount "57"]
[EventDate "2016.04.22"]
[EventRounds "9"]
[EventCountry "EGY"]

1. d4 d5 2. Nf3 b5 3. a4 b4 4. Bf4 f6 5. e3 Be6 6. Nbd2 g5 7. Bg3 h5 8. h4 g4
9. Ng1 Nd7 10. a5 Nh6 11. Bb5 Rb8 12. Ba4 Nf5 13. Ne2 Bh6 14. Nb3 O-O 15. Bf4
Bxf4 16. Nxf4 Bf7 17. Qd3 e6 18. Nxd5 Nxh4 19. Rxh4 exd5 20. Qf5 Ne5 21. dxe5
fxe5 22. Rxh5 Bxh5 23. Qxh5 Qd6 24. O-O-O Rf7 25. Rh1 Qf6 26. Nc5 Rd8 27. Ne6
Rd6 28. Qxg4+ Rg7 29. Nxg7 1-0

[Event "Egypt Open 2016"]
[Site "Eastern Company Club"]
[Date "2016.04.24"]
[Round "4"]
[Board "53"]
[White "Moatamid, Yasser"]
[Black "Awadhom, Elsayed"]
[Result "0-1"]
[WhiteElo "1764"]
[BlackElo "2047"]
[PlyCount "67"]
[EventDate "2016.04.22"]
[EventRounds "9"]
[EventCountry "EGY"]

1. e4 e6 2. Nf3 d5 3. exd5 exd5 4. d4 Nc6 5. Bd3 Bg4 6. c3 Bd6 7. O-O Nge7 8.
Re1 Qd7 9. Bg5 f6 10. Bh4 O-O-O 11. Nbd2 h5 12. Qa4 g5 13. Bg3 h4 14. Bxd6 Qxd6
15. b4 Bd7 16. b5 Nb8 17. Nf1 g4 18. N3d2 Rdg8 19. Re3 f5 20. Rae1 Ng6 21. Qxa7
f4 22. R3e2 f3 23. Re3 fxg2 24. Kxg2 Nf4+ 25. Kh1 g3 26. fxg3 hxg3 27. Nxg3
Nxd3 28. Rxd3 Rxg3 29. Rxg3 Qxg3 30. Re2 Bxb5 31. c4 dxc4 32. Qc5 Qd3 33. Qe5
Re8 34. Qf5+ 0-1

[Event "Egypt Open 2016"]
[Site "Eastern Company Club"]
[Date "2016.04.24"]
[Round "4"]
[Board "54"]
[White "Sobhy Abdel Ghany, Ahmed"]
[Black "Salim, Mohammed Salim Al Amri"]
[Result "1-0"]
[WhiteElo "1746"]
[BlackElo "2038"]
[PlyCount "57"]
[EventDate "2016.04.22"]
[EventRounds "9"]
[EventCountry "EGY"]

1. d4 Nf6 2. Nf3 d6 3. c4 g6 4. Nc3 Bg7 5. e4 O-O 6. Be2 e5 7. d5 a5 8. O-O Na6
9. Bd3 Nh5 10. Bg5 f6 11. Be3 Qe8 12. Nh4 Nc5 13. Bc2 f5 14. exf5 gxf5 15. Bxc5
dxc5 16. Nb5 Qf7 17. Nxc7 Qxc7 18. Qxh5 Qd7 19. g4 e4 20. Nxf5 Rxf5 21. gxf5
Qxf5 22. Qxf5 Bxf5 23. Rfe1 Re8 24. f3 Bd4+ 25. Kh1 Bg6 26. fxe4 Re5 27. Rab1
Kf7 28. a3 Bf2 29. Rf1 1-0

[Event "Egypt Open 2016"]
[Site "Eastern Company Club"]
[Date "2016.04.25"]
[Round "5"]
[Board "1"]
[White "Adly, Ahmed"]
[Black "Sarwat, Walaa"]
[Result "1-0"]
[WhiteElo "2601"]
[BlackElo "2326"]
[PlyCount "99"]
[EventDate "2016.04.22"]
[EventRounds "9"]
[EventCountry "EGY"]

1. Nf3 Nf6 2. c4 c5 3. g3 g6 4. Bg2 Bg7 5. O-O O-O 6. d4 cxd4 7. Nxd4 Nc6 8.
Nc3 Ng4 9. Nb3 d6 10. e4 a5 11. Na4 Nge5 12. c5 dxc5 13. Qxd8 Rxd8 14. Nbxc5
Nc4 15. Rb1 b6 16. b3 bxc5 17. bxc4 Bd4 18. Bf4 Ba6 19. e5 Nb4 20. Bxa8 Rxa8
21. a3 Nc2 22. Nb6 Ra7 23. Rfc1 Nxa3 24. Rb3 Rb7 25. Rxa3 Rxb6 26. Rxa5 Kg7 27.
Be3 Bxe3 28. fxe3 Rc6 29. Kf2 Kh6 30. e4 Kg5 31. Ke3 h5 32. Kd3 h4 33. gxh4+
Kxh4 34. Rf1 f6 35. Rfa1 Bb7 36. Rb5 Ba6 37. Rb8 fxe5 38. Re8 Rd6+ 39. Kc3 Kg5
40. Rxe7 Kf4 41. Rf7+ Kg5 42. Ra7 Bc8 43. Rg1+ Kf6 44. Rc7 Be6 45. Rf1+ Kg5 46.
Rxc5 Kh4 47. Rxe5 Rc6 48. Rf6 Rxc4+ 49. Kd3 Bg8 50. Rf8 1-0

[Event "Egypt Open 2016"]
[Site "Eastern Company Club"]
[Date "2016.04.25"]
[Round "5"]
[Board "2"]
[White "Ameir, Moheb"]
[Black "Hassan, Sayed Barakat"]
[Result "0-1"]
[WhiteElo "2430"]
[BlackElo "2316"]
[PlyCount "86"]
[EventDate "2016.04.22"]
[EventRounds "9"]
[EventCountry "EGY"]

1. e4 e6 2. d4 d5 3. Nd2 c5 4. exd5 exd5 5. Ngf3 c4 6. b3 cxb3 7. axb3 Bd6 8.
c4 Nf6 9. c5 Bc7 10. Bb5+ Nc6 11. Qe2+ Qe7 12. Qxe7+ Kxe7 13. O-O Re8 14. Bb2
Bd7 15. Bc3 a6 16. Bd3 Kf8 17. Ne1 Na7 18. Ndf3 Ne4 19. Ba5 Bxa5 20. Rxa5 Nc6
21. Ra1 Nb4 22. Ne5 Nxc5 23. Rd1 Re7 24. Nxd7+ Nxd7 25. Bf5 Nb8 26. Bg4 N8c6
27. Bf3 Rc8 28. g3 Na5 29. Nd3 Nxd3 30. Rxd3 Rd8 31. Rc1 Nc6 32. Rc5 Red7 33.
h4 Rd6 34. Kg2 Ke7 35. Rd1 f5 36. Rd2 R8d7 37. Rc1 Kd8 38. Bd1 Nb4 39. Kf3 Re6
40. Rc3 Rde7 41. Kf4 Re4+ 42. Kxf5 Nc6 43. Rcd3 Nxd4+ {Rc3 Nc6 f4 h5} 0-1

[Event "Egypt Open 2016"]
[Site "Eastern Company Club"]
[Date "2016.04.25"]
[Round "5"]
[Board "3"]
[White "Wageih, Kareim"]
[Black "Abdel Razik, Khaled"]
[Result "1/2-1/2"]
[WhiteElo "2336"]
[BlackElo "2392"]
[PlyCount "66"]
[EventDate "2016.04.22"]
[EventRounds "9"]
[EventCountry "EGY"]

1. d4 Nf6 2. Nf3 c5 3. d5 e6 4. c4 b5 5. dxe6 fxe6 6. cxb5 d5 7. g3 Qa5+ 8. Nc3
Ne4 9. Qc2 a6 10. Bh3 axb5 11. O-O Nxc3 12. bxc3 Qa4 13. Qd3 Be7 14. Bg5 Ra7
15. Qe3 Qe4 16. Qxe4 dxe4 17. Bxe7 Kxe7 18. Ng5 Ra4 19. f3 exf3 20. Rxf3 h6 21.
Rf7+ Ke8 22. Rc7 Kd8 23. Rxc8+ Kxc8 24. Nxe6 Rc4 25. Nd4+ Kc7 26. Nxb5+ Kb6 27.
Rb1 Ra4 28. Be6 Nc6 29. Bd5 Rb8 30. Nd6+ Kc7 31. Nb5+ Kb6 32. Nd6+ Kc7 33. Nb5+
Kb6 1/2-1/2

[Event "Egypt Open 2016"]
[Site "Eastern Company Club"]
[Date "2016.04.25"]
[Round "5"]
[Board "4"]
[White "Ashraf, Shereif"]
[Black "Hesham, Abdelrahman"]
[Result "0-1"]
[WhiteElo "2073"]
[BlackElo "2390"]
[PlyCount "88"]
[EventDate "2016.04.22"]
[EventRounds "9"]
[EventCountry "EGY"]

1. e4 e5 2. Nf3 Nc6 3. Bc4 Nf6 4. d3 Bc5 5. c3 O-O 6. h3 d6 7. Bg5 a6 8. Bb3
Ba7 9. Nbd2 Qe7 10. Nf1 Be6 11. Bc2 d5 12. Qe2 dxe4 13. dxe4 b5 14. Ng3 Rfd8
15. Nh4 g6 16. Qf3 Kg7 17. O-O h6 18. Nhf5+ Bxf5 19. Bxf6+ Qxf6 20. exf5 Ne7
21. a4 b4 22. Qg4 Kh8 23. fxg6 fxg6 24. Qxb4 Rab8 25. Qa3 Nf5 26. Ne4 Qb6 27.
Rad1 Nd6 28. Nxd6 cxd6 29. b4 Rf8 30. Qc1 Kg7 31. a5 Qc6 32. Qd2 Rf6 33. Bb3
Rc8 34. Rc1 Rcf8 35. Bd5 Qc8 36. Qd3 Bxf2+ 37. Kh1 Rf4 38. Qe2 g5 39. Rc2 g4
40. hxg4 h5 41. Bf3 Bg3 42. g5 e4 43. Qd1 exf3 44. Rxf3 Qg4 0-1

[Event "Egypt Open 2016"]
[Site "Eastern Company Club"]
[Date "2016.04.25"]
[Round "5"]
[Board "5"]
[White "Ezat, Mohamed"]
[Black "Ismail, Youssef"]
[Result "1-0"]
[WhiteElo "2467"]
[BlackElo "2164"]
[PlyCount "40"]
[EventDate "2016.04.22"]
[EventRounds "9"]
[EventCountry "EGY"]

1. d4 d5 2. c4 dxc4 3. e3 Nf6 4. Bxc4 e6 5. Nc3 a6 6. Nf3 b5 7. Bb3 c5 8. O-O
Bb7 9. Qe2 Nbd7 10. Rd1 Qc7 11. e4 b4 12. e5 Ng4 13. d5 Ngxe5 14. Nxe5 Qxe5 15.
dxe6 fxe6 16. Bxe6 Bd6 17. Bxd7+ Ke7 18. Bf4 Qxe2 19. Bxd6+ Kxd7 20. Nxe2 Ke8
 1-0

[Event "Egypt Open 2016"]
[Site "Eastern Company Club"]
[Date "2016.04.25"]
[Round "5"]
[Board "12"]
[White "Fawzy, Adham"]
[Black "Abd El Fatah, Reda Fadel"]
[Result "1-0"]
[WhiteElo "2475"]
[BlackElo "2130"]
[PlyCount "73"]
[EventDate "2016.04.22"]
[EventRounds "9"]
[EventCountry "EGY"]

1. e4 e5 2. Bc4 Nc6 3. Nf3 Be7 4. d4 d6 5. h3 Nf6 6. Nc3 O-O 7. Be3 a6 8. a3
exd4 9. Nxd4 Nxd4 10. Bxd4 b5 11. Bd5 Nxd5 12. Nxd5 Be6 13. Qf3 Bxd5 14. exd5
Re8 15. O-O-O Bf8 16. Kb1 Qd7 17. h4 a5 18. h5 h6 19. Rh4 Qe7 20. Rg4 Qe2 21.
Rg1 Qxf3 22. gxf3 f5 23. Rg6 Re5 24. Bxe5 dxe5 25. Rxh6 Kf7 26. Rhg6 Rd8 27.
R1g5 Rxd5 28. Rxf5+ Ke7 29. Ka2 Rc5 30. c3 b4 31. cxb4 axb4 32. Ra6 b3+ 33.
Kxb3 Rb5+ 34. Kc4 Rb8 35. b4 Kd7 36. Rf7+ Be7 37. Rg6 1-0

[Event "Egypt Open 2016"]
[Site "Eastern Company Club"]
[Date "2016.04.25"]
[Round "5"]
[Board "13"]
[White "Abdou, Mohamed Hamdy"]
[Black "Fadi, Marko"]
[Result "0-1"]
[WhiteElo "2102"]
[BlackElo "2276"]
[PlyCount "69"]
[EventDate "2016.04.22"]
[EventRounds "9"]
[EventCountry "EGY"]

1. Nf3 g6 2. e4 Bg7 3. d4 d6 4. Nc3 a6 5. a4 b6 6. Bc4 e6 7. Bg5 Ne7 8. Qd2 h6
9. Bf4 Bb7 10. O-O-O Nd7 11. h4 b5 12. Bd3 b4 13. Ne2 Nf6 14. Ng3 a5 15. h5 g5
16. Nxg5 hxg5 17. Bxg5 Nh7 18. h6 Bf6 19. Be3 Qd7 20. e5 Qxa4 21. Qe2 Qa1+ 22.
Kd2 Qxb2 23. Rb1 Qc3+ 24. Kd1 dxe5 25. Nh5 e4 26. Bb5+ c6 27. Nxf6+ Nxf6 28.
Ba4 Ba6 29. Qd2 Nfd5 30. Bb3 Bc4 31. Qc1 a4 32. Bxc4 Qxc4 33. Bd2 Nc3+ 34. Ke1
Nxb1 35. Qxb1 0-1

[Event "Egypt Open 2016"]
[Site "Eastern Company Club"]
[Date "2016.04.25"]
[Round "5"]
[Board "14"]
[White "Mohamed Ahmed, Esam"]
[Black "Yousry, Mohamed"]
[Result "1-0"]
[WhiteElo "2092"]
[BlackElo "2267"]
[PlyCount "76"]
[EventDate "2016.04.22"]
[EventRounds "9"]
[EventCountry "EGY"]

1. e4 e6 2. d4 d5 3. Nd2 h6 4. Ngf3 Nf6 5. e5 Nfd7 6. Bd3 c5 7. c3 Nc6 8. O-O
Qb6 9. Qa4 Be7 10. a3 O-O 11. Bb1 f5 12. exf6 Rxf6 13. dxc5 Bxc5 14. b4 Bd6 15.
c4 Be5 16. Nxe5 Ncxe5 17. Bb2 d4 18. Ne4 Nxc4 19. Nxf6+ Nxf6 20. Qc2 Nxb2 21.
Qxb2 Bd7 22. Ba2 Kh8 23. Rfe1 Qd6 24. Rad1 Ng4 25. g3 Ne5 26. Qe2 Nf7 27. f4 a6
28. Qe4 Ba4 29. Qxb7 Rf8 30. Rxe6 Nd8 31. Rxd6 Nxb7 32. R1xd4 Nxd6 33. Rxd6 Bb5
34. g4 Rc8 35. Be6 Rc1+ 36. Kg2 g6 37. h3 Rc2+ 38. Kf3 h5 1-0

[Event "Egypt Open 2016"]
[Site "Eastern Company Club"]
[Date "2016.04.25"]
[Round "5"]
[Board "15"]
[White "Hamam, Mahmoud"]
[Black "El Arousy, Abdul Hameed"]
[Result "1-0"]
[WhiteElo "2090"]
[BlackElo "2265"]
[PlyCount "85"]
[EventDate "2016.04.22"]
[EventRounds "9"]
[EventCountry "EGY"]

1. e4 c5 2. Nf3 a6 3. d4 cxd4 4. Nxd4 Nf6 5. Bd3 e5 6. Nb3 d5 7. exd5 e4 8. Be2
Qxd5 9. Qxd5 Nxd5 10. Bd2 Be7 11. Nc3 Nxc3 12. Bxc3 O-O 13. Rd1 Nc6 14. a3 Bf5
15. Nd4 Nxd4 16. Bxd4 Rac8 17. c3 Be6 18. Be5 Rfd8 19. O-O f6 20. Rxd8+ Rxd8
21. Bd4 Kf7 22. Rd1 Bb3 23. Rd2 b5 24. Be3 Rxd2 25. Bxd2 f5 26. g4 g6 27. gxf5
gxf5 28. Bf4 Kg6 29. Kg2 h5 30. f3 h4 31. fxe4 fxe4 32. Bg4 a5 33. Bd7 Bc4 34.
a4 b4 35. Bc7 b3 36. Bb5 Be6 37. Be5 Bc5 38. c4 Bg4 39. Bc3 e3 40. Kf1 Bf3 41.
Bxa5 Bd4 42. c5 Bxb2 43. c6 1-0

[Event "Egypt Open 2016"]
[Site "Eastern Company Club"]
[Date "2016.04.25"]
[Round "5"]
[Board "19"]
[White "Imam, Ashraf"]
[Black "Saber, Ibrahim"]
[Result "0-1"]
[WhiteElo "2061"]
[BlackElo "2230"]
[PlyCount "52"]
[EventDate "2016.04.22"]
[EventRounds "9"]
[EventCountry "EGY"]

1. e4 e5 2. Nf3 Nf6 3. d4 Nxe4 4. Nxe5 d5 5. Nc3 Bb4 6. Bd2 Nxd2 7. Qxd2 O-O 8.
O-O-O c5 9. dxc5 Nc6 10. Qxd5 Qg5+ 11. Kb1 Qxe5 12. Qxe5 Nxe5 13. Rd5 Ng4 14.
Rd2 Be6 15. h3 Rad8 16. Bd3 Ne5 17. f4 Ng6 18. a3 Bxc5 19. g3 Rd4 20. h4 Ne7
21. Rhd1 Bg4 22. Re1 Bf5 23. Ne4 g6 24. b4 Bb6 25. Kb2 Rfd8 26. Nf6+ Kf8 0-1

[Event "Egypt Open 2016"]
[Site "Eastern Company Club"]
[Date "2016.04.25"]
[Round "5"]
[Board "21"]
[White "Ragheb, Malak"]
[Black "Ehab, Mohamed"]
[Result "1-0"]
[WhiteElo "2226"]
[BlackElo "1995"]
[PlyCount "81"]
[EventDate "2016.04.22"]
[EventRounds "9"]
[EventCountry "EGY"]

1. d4 Nf6 2. Nf3 g6 3. c4 Bg7 4. Nc3 d5 5. cxd5 Nxd5 6. e4 Nxc3 7. bxc3 c5 8.
Be3 cxd4 9. cxd4 O-O 10. Be2 Nc6 11. O-O Bg4 12. e5 Rc8 13. Rb1 Qd7 14. h3 Bxf3
15. Bxf3 Rfd8 16. Kh1 b6 17. Rc1 Na5 18. Qe2 b5 19. Rcd1 Nc4 20. Bg5 Rc7 21.
Bg4 Qd5 22. f4 Na3 23. Bf3 Qc4 24. Qb2 Nc2 25. d5 h6 26. Bxe7 Rxe7 27. d6 Ree8
28. Bd5 Qc5 29. Qb3 Nd4 30. Bxf7+ Kf8 31. Rxd4 Qxd4 32. Bxg6 Qc4 33. Qb1 Kg8
34. Bc2 Kh8 35. Bb3 Qe2 36. Rd1 Qf2 37. Qg6 Qxf4 38. Bc2 Kg8 39. Qh7+ Kf8 40.
Bb3 Rxd6 41. exd6 1-0

[Event "Egypt Open 2016"]
[Site "Eastern Company Club"]
[Date "2016.04.25"]
[Round "5"]
[Board "23"]
[White "Anwar, Ashraf"]
[Black "Abdel Fadil, Mohamed"]
[Result "0-1"]
[WhiteElo "2060"]
[BlackElo "2217"]
[PlyCount "58"]
[EventDate "2016.04.22"]
[EventRounds "9"]
[EventCountry "EGY"]

1. e4 d6 2. d4 Nf6 3. Nc3 g6 4. Nf3 Bg7 5. Be2 c6 6. a4 O-O 7. O-O Nbd7 8. e5
dxe5 9. dxe5 Ne8 10. e6 fxe6 11. Ng5 Nc7 12. Bc4 Nb6 13. Bb3 Nbd5 14. Nce4 h6
15. Nf3 e5 16. c4 Nf4 17. Bxf4 Qxd1 18. Raxd1 exf4 19. Bc2 Bxb2 20. Nh4 Kh7 21.
Nc5 Rg8 22. Nd3 Bf6 23. Nxg6 Kxg6 24. Nxf4+ Kg7 25. Nh5+ Kh8 26. Nxf6 exf6 27.
Rd6 Be6 28. Re1 Rge8 29. Bg6 Bf7 0-1

[Event "Egypt Open 2016"]
[Site "Eastern Company Club"]
[Date "2016.04.25"]
[Round "5"]
[Board "26"]
[White "Sayed Hassan, Mohamed"]
[Black "Hussain, Abdel Naser"]
[Result "0-1"]
[WhiteElo "2177"]
[BlackElo "1884"]
[PlyCount "65"]
[EventDate "2016.04.22"]
[EventRounds "9"]
[EventCountry "EGY"]

1. d4 Nf6 2. c4 b6 3. Nc3 Bb7 4. Nf3 e6 5. e3 d6 6. Be2 Nbd7 7. O-O Rg8 8. Nd2
g5 9. Bf3 c6 10. h3 h5 11. g4 hxg4 12. hxg4 Be7 13. Re1 Nf8 14. b4 Ng6 15. b5
Qd7 16. bxc6 Bxc6 17. d5 exd5 18. cxd5 Bb7 19. Nde4 Ne5 20. Be2 Nxe4 21. Bb5
Nxc3 22. Bxd7+ Kxd7 23. Qb3 Rac8 24. Rd1 Rc4 25. f3 Nxf3+ 26. Kf2 Ne5 27. Bb2
Nxg4+ 28. Ke1 Nxd1 29. Qxc4 Ngxe3 30. Qa4+ Kc8 31. Rc1+ Kb8 32. Qd7 Bd8 33.
Rc8+ 0-1

[Event "Egypt Open 2016"]
[Site "Eastern Company Club"]
[Date "2016.04.25"]
[Round "5"]
[Board "28"]
[White "Nader, Mohamed"]
[Black "Youssef, Fady"]
[Result "1-0"]
[WhiteElo "2152"]
[BlackElo "1844"]
[PlyCount "89"]
[EventDate "2016.04.22"]
[EventRounds "9"]
[EventCountry "EGY"]

1. d4 Nf6 2. Nf3 e6 3. e3 d5 4. Bd3 Be7 5. Nbd2 c5 6. c3 O-O 7. O-O b6 8. e4
dxe4 9. Nxe4 Nbd7 10. Qe2 Bb7 11. Rd1 cxd4 12. Nxd4 Nxe4 13. Bxe4 Bxe4 14. Qxe4
Nf6 15. Qf3 Qc7 16. Bf4 e5 17. Bg3 a6 18. Nf5 Rfe8 19. Bxe5 Qxe5 20. Re1 Qb5
21. Nxe7+ Kf8 22. b3 a5 23. Re3 a4 24. b4 Ra7 25. Nc6 Rc7 26. Nd4 Rxe3 27. Nxb5
Rxf3 28. gxf3 Rd7 29. c4 Rd2 30. Rc1 Rxa2 31. c5 bxc5 32. bxc5 Nd5 33. c6 Nb6
34. c7 Nc8 35. Rd1 Ke7 36. Rd8 Nb6 37. Rb8 Ra1+ 38. Kg2 Nd5 39. c8=Q Nf4+ 40.
Kg3 Ne2+ 41. Kh4 g5+ 42. Kh5 Nf4+ 43. Kh6 Ne6 44. Rb7+ Kf6 45. Qh8+ 1-0

[Event "Egypt Open 2016"]
[Site "Eastern Company Club"]
[Date "2016.04.25"]
[Round "5"]
[Board "29"]
[White "Abou El Zein, Eid Mahmoud"]
[Black "Sobhy Abdel Ghany, Ahmed"]
[Result "1-0"]
[WhiteElo "2150"]
[BlackElo "1746"]
[PlyCount "47"]
[EventDate "2016.04.22"]
[EventRounds "9"]
[EventCountry "EGY"]

1. d4 Nf6 2. c4 e6 3. Nf3 d5 4. Nc3 Be7 5. Bg5 O-O 6. e3 Nbd7 7. Rc1 Ne4 8.
Bxe7 Qxe7 9. cxd5 Nxc3 10. Rxc3 Nf6 11. dxe6 Bxe6 12. a3 Nd5 13. Rc1 f5 14. Bd3
f4 15. e4 Bf5 16. Ne5 Ne3 17. fxe3 Qh4+ 18. g3 fxg3 19. exf5 g2+ 20. Ke2 gxh1=Q
21. Qxh1 Qe7 22. Qe4 c6 23. Bc4+ Kh8 24. Ng6+ 1-0

[Event "Egypt Open 2016"]
[Site "Eastern Company Club"]
[Date "2016.04.25"]
[Round "5"]
[Board "33"]
[White "Ragaa, Hassan"]
[Black "Elgabry, Mohsen"]
[Result "1-0"]
[WhiteElo "1953"]
[BlackElo "2365"]
[PlyCount "71"]
[EventDate "2016.04.22"]
[EventRounds "9"]
[EventCountry "EGY"]

1. d4 b6 2. e4 Bb7 3. Bd3 e6 4. Nf3 Nf6 5. Qe2 d5 6. Nbd2 Be7 7. e5 Nfd7 8. O-O
c5 9. c3 a5 10. a4 Ba6 11. Bb5 Qc8 12. Nb3 Bxb5 13. axb5 c4 14. Nbd2 Nf8 15.
Ne1 Qd7 16. f4 Ng6 17. b3 cxb3 18. Nxb3 Qc7 19. Bd2 Nd7 20. Nc2 f5 21. Ra4 Qb7
22. Ne3 Rc8 23. Qf3 Qb8 24. Rc1 Kf7 25. c4 dxc4 26. Raxc4 Rxc4 27. Rxc4 Rg8 28.
Rc6 a4 29. Nc1 a3 30. d5 Nc5 31. Bb4 Qa7 32. Na2 Qa4 33. Rc7 Qb3 34. Bxc5 bxc5
35. Rxe7+ Kxe7 36. Nxf5+ 1-0

[Event "Egypt Open 2016"]
[Site "Eastern Company Club"]
[Date "2016.04.25"]
[Round "5"]
[Board "34"]
[White "El Amary, Kamal"]
[Black "Ibrahim, Sarwat"]
[Result "1-0"]
[WhiteElo "2281"]
[BlackElo "1995"]
[PlyCount "67"]
[EventDate "2016.04.22"]
[EventRounds "9"]
[EventCountry "EGY"]

1. Nf3 Nf6 2. g3 d5 3. Bg2 e6 4. O-O Nbd7 5. d4 Bd6 6. c4 c6 7. b3 O-O 8. Bb2
Qe7 9. Nc3 dxc4 10. bxc4 e5 11. e3 Rd8 12. Qc2 Bc7 13. Rfd1 exd4 14. exd4 Nb6
15. Na4 Nxa4 16. Qxa4 Bf5 17. Re1 Qd7 18. Ne5 Bxe5 19. dxe5 Ne8 20. Ba3 Qc7 21.
Qb4 c5 22. Qxc5 Qxc5 23. Bxc5 Rac8 24. Bxa7 Rxc4 25. Bb6 Rd7 26. a4 Kf8 27. a5
Ke7 28. h3 g6 29. Be3 Kd8 30. Rec1 Rxc1+ 31. Rxc1 Ke7 32. g4 Bd3 33. Rc8 Nc7
34. Bc5+ 1-0

[Event "Egypt Open 2016"]
[Site "Eastern Company Club"]
[Date "2016.04.25"]
[Round "5"]
[Board "36"]
[White "Ismail, Hamed"]
[Black "Ismail, Hany"]
[Result "1-0"]
[WhiteElo "2171"]
[BlackElo "1961"]
[PlyCount "92"]
[EventDate "2016.04.22"]
[EventRounds "9"]
[EventCountry "EGY"]

1. d4 d5 2. Nf3 Bf5 3. c4 c6 4. Nc3 e6 5. Bf4 Nf6 6. Qb3 Qb6 7. e3 Nbd7 8. c5
Qxb3 9. axb3 Be7 10. b4 O-O 11. b5 cxb5 12. Bxb5 a6 13. Be2 Rac8 14. h3 Bd8 15.
O-O Bc7 16. b4 Bxf4 17. exf4 Ne4 18. Nxe4 Bxe4 19. Nd2 Bg6 20. b5 axb5 21. Bxb5
Nf6 22. Ra7 Rb8 23. Rfa1 Ne4 24. Nxe4 dxe4 25. R1a4 Rfd8 26. Kf1 f6 27. Ke2 Bf7
28. Ke3 f5 29. f3 exf3 30. Kxf3 g6 31. Rb4 h6 32. h4 Kf8 33. Ke3 e5 34. fxe5
Bd5 35. g3 Rdc8 36. Bc4 Bxc4 37. Rxc4 b6 38. c6 b5 39. Rc5 b4 40. d5 b3 41. Ra1
b2 42. Rb1 Rb4 43. d6 Kf7 44. d7 Rd8 45. c7 Rxd7 46. c8=Q Rdd4 1-0